| 000 | 00735nam a22002177a 4500 | ||
|---|---|---|---|
| 003 | SISC | ||
| 005 | 20180724130649.0 | ||
| 008 | 180724b xxu||||| |||| 00| 0 eng d | ||
| 020 | _a9789814646895 | ||
| 050 |
_aHF 5718 _b.L654 2014 |
||
| 100 | _aGriffin, Em | ||
| 245 |
_aBusiness communication : _bbuilding critical skills / _cKitty O. Locker, Stephen Kyo Kaczmarek |
||
| 250 | _aSixth edition | ||
| 260 |
_aNew York : _bMcGraw-Hill Education, _cc2014 |
||
| 300 |
_axxxvii, 549 pages : _billustrations ; _c27 cm. |
||
| 500 | _aIncludes index and bibliographical references. | ||
| 650 |
_2Library of Congress Subject Headings _aBusiness communication |
||
| 700 | _aKaczmarek, Stephen Kyo | ||
| 942 |
_2lcc _cBK |
||
| 999 |
_c358166 _d358166 |
||